Shared Baseball First Names - Statistics

General Stats
  • This quiz has been taken 291 times
  • The average score is 16 of 18
Answer Stats
Last Names Shared First Name % Correct
Brock, Gehrig, Piniella Lou
98%
Greenberg, Aaron Hank
97%
Jackson, DiMaggio, Gordon Joe
97%
Teixeira, McGwire, Buehrle Mark
97%
Clemente, Alomar Roberto
97%
Mccovey, Mays, Stargell Willie
97%
Gibson, Ferguson, Feller Bob
94%
Wells, Price, Ortiz David
94%
Ramirez, Bautista, Altuve Jose
92%
Robinson, Thomas Frank
91%
Brett, Bell George
91%
Crawford, Hubbell, Yastrzemski Carl
89%
Wilson, Betts Mookie
88%
Hamilton, Donaldson, Gibson Josh
87%
Eckersley, Boyd, Martinez Dennis
86%
Lackey, McGraw, Olerud John
79%
Cicotte, Gaedel, Murray Eddie
74%
Hughes, Rizzuto Phil
71%
No matching quizzes found
Score Distribution
Percent of People with Each Score
Percentile by Number Answered
Your Score History
You have not taken this quiz